Statistics for Capitals of Asia - North to South

Click here to take the quiz!

General Stats

  • This quiz has been taken 117 times
  • The average score is 39 of 48

Answer Stats

LatitudeCapital% Correct
51° 10' NAstana
98%
47° 55' NUlaanbaatar
98%
6° 12' SJakarta
94%
42° 52' NBishkek
92%
1° 18' NSingapore
90%
3° 08' NKuala Lumpur
90%
8° 34' SDili
90%
39° 01' NPyongyang
88%
37° 34' NSeoul
88%
39° 55' NBeijing
88%
39° 56' NAnkara
87%
13° 45' NBangkok
85%
40° 24' NBaku
85%
35° 42' NTehran
83%
35° 41' NTokyo
83%
41° 43' NTbilisi
83%
14° 35' NManila
83%
40° 11' NYerevan
83%
38° 32' NDushanbe
81%
37° 56' NAshgabat
81%
41° 16' NTashkent
81%
23° 61' NMuscat
79%
6° 55' NSri Jayawardenepura Kotte
79%
21° 02' NHanoi
79%
17° 58' NVientiane
79%
24° 28' NAbu Dhabi
79%
4° 53' NBandar Seri Begawan
79%
4° 11' NMale
79%
33° 20' NBaghdad
79%
33° 53' NBeirut
79%
25° 17' NDoha
77%
33° 31' NDamascus
77%
11° 33' NPhnom Penh
77%
34° 32' NKabul
77%
27° 28' NThimphu
75%
25° 02' NTaipei
75%
29° 22' NKuwait City
75%
31° 47' NJerusalem
75%
31° 56' NAmman
75%
33° 43' NIslamabad
75%
27° 42' NKathmandu
75%
24° 38' NRiyadh
73%
23° 42' NDhaka
73%
26° 13' NManama
71%
28° 37' NNew Delhi
71%
15° 21' NSana'a
69%
35° 10' NNicosia
69%
19° 45' NNaypyidaw
65%

Score Distribution

Percentile by Number Answered

Percent of People with Each Score

Your Score History

You have not taken this quiz